000 01262cam a22003257a 4500
999 _c20314
_d20314
001 15359751
005 20170119082111.0
008 080709s2008 paua b 001 0 eng d
010 _a 2008299873
020 _a9780812240856 (hbk.)
035 _a(OCoLC)ocn183261762
040 _aBTCTA
_cBTCTA
_dBAKER
_dYDXCP
_dOCLCQ
_dCDX
_dBWX
_dIXA
_dDLC
042 _alccopycat
043 _ae-it---
050 0 0 _aN6915
_b.K38 2008
100 1 _aKatz, Dana E.
245 1 4 _aThe Jew in the art of the Italian Renaissance /
_cDana E. Katz.
260 _aPhiladelphia :
_bUniversity of Pennsylvania Press,
_cc2008.
300 _axi, 228 p. :
_bill. ;
_c24 cm.
440 0 _aJewish culture and contexts
504 _aIncludes bibliographical references (p. [199]-217) and index.
650 0 _aJews in art
_y15th century.
650 0 _aJews in art
_y16th century.
650 0 _aArt, Renaissance
_zItaly.
856 4 2 _3Book review (H-Net)
_uhttp://www.h-net.org/reviews/showrev.php?id=37022
942 _2lcc
_cBOOKS
_hN6915 .K38 2008